Phát triển nguồn nhân lực khoa học - công nghệ tỉnh Khánh Hòa /
Gorde:
| Egile nagusia: | |
|---|---|
| Beste egile batzuk: | |
| Formatua: | Artikulua |
| Hizkuntza: | Vietnamese |
| Gaiak: | |
| Etiketak: |
Etiketa erantsi
Etiketarik gabe, Izan zaitez lehena erregistro honi etiketa jartzen!
|
| Thư viện lưu trữ: | Thư viện Trường Đại học Đà Lạt |
|---|
| LEADER | 00849nam a2200301 4500 | ||
|---|---|---|---|
| 001 | DLU190193049 | ||
| 005 | ##20191021 | ||
| 040 | # | # | |a DLU |b vie |
| 041 | # | # | |a vie |
| 044 | # | # | |a vn |
| 100 | # | # | |a Đoàn Hồng Lê. |
| 245 | # | # | |a Phát triển nguồn nhân lực khoa học - công nghệ tỉnh Khánh Hòa / |c Đoàn Hồng Lê, Lê Thị Hoàng Mỹ. |
| 653 | # | # | |a Khoa học và công nghệ |
| 653 | # | # | |a Nguồn nhân lực |
| 653 | # | # | |a Phát triển kinh tế |
| 653 | # | # | |a Phát triển xã hội |
| 653 | # | # | |a Quản lý |
| 653 | # | # | |a Sử dụng |
| 700 | # | # | |a Lê Thị Hoàng Mỹ. |
| 773 | # | # | |t Kinh tế và phát triển |g Số 258, 2018, tr. 94-104 |
| 994 | # | # | |a DLU |
| 900 | # | # | |a True |
| 911 | # | # | |a Hoàng Thị Huyền |
| 925 | # | # | |a G |
| 926 | # | # | |a A |
| 927 | # | # | |a BB |
| 980 | # | # | |a Thư viện Trường Đại học Đà Lạt |